000 01137nam a22003497a 4500
003 CHAP
005 20220329133302.0
008 971013s r 00010 d
010 _a4320
011 _a5292
035 _a4499
040 _cCHAP
090 _aFolleto 12713
110 _aSistema Nacional para el Abasto. México
_9106728
245 _aGuía para el almacenamiento y transportación en frío de frutas y hortalizas
260 _aMéxico, D. F. :
_bEl Sistema,
_c[198-?]
300 _aHoja deplegable
500 _a53-163
590 _aBATCH-UPD
_b10
_c20130110
_lUCH01
_h1820
590 _aBATCH-UPD
_b10
_c20130410
_lUCH01
_h1153
590 _aBATCH-UPD
_b10
_c20130914
_lUCH01
_h1449
590 _aCONVERSION
_b10
_c20130109
_lUCH01
_h1304
650 1 4 _aFruta
_xAlmacenamiento.
_943592
650 1 4 _aFruta
_xPreservación.
_943652
650 1 4 _aLegumbres
_xAlmacenamiento.
_965682
650 1 4 _aLegumbres
_xPreservación.
_965774
650 1 4 _aProductos agrícolas
_xTransporte.
_992035
650 1 4 _aRefrigeración.
_995611
901 _aBK
942 _cFOLL
949 _aFolleto 12713
_bBC
_cFOLL
_d-14046
_eTS1
_i4499
_si
999 _c4320
_d4320